000 00630cam a2200205 a 4500
999 _c3950
_d3950
001 6222
003 BD-DhUAP
005 20200315161303.0
008 200315t19961988si b 000 0 eng
020 _a9810137133
040 _aDLC
_cDLC
_bEng
_dBD-DhUAP
082 _223
_a428.3 TIM
245 0 0 _aTimes dictionary of problem words /
_cCompiled by George Jenkins ; edited by Betty Kirkpatrick.
260 _aSingapore :
_bFederal publications,
_cc1988 [Reprinted 1996].
300 _aiv, 236 pages ;
_c18 cm.
650 _aEnglish language
_xUsage.
700 _aJenkins, George.
700 _aKirkpatrick, Betty.
942 _2ddc
_cBK